Effects of rain forest disturbance and fragmentation: comparative changes of the raptor community along natural and human-made gradients in french Guiana (Registro nro. 11661)

Detalles MARC
000 -CABECERA
Campo de control 006390000a22001810004500
090 ## - CLASIFICACIÓN LOCAL
Colección AR
Consecutivo 02597
041 0# - IDIOMA
Código de idioma para texto/pista de sonido o título separado
100 1# - ASIENTO PRINCIPAL--NOMBRE PERSONAL
Nombre personal Jullien, Mathilde de
245 10 - MENCION DE TITULO
Título Effects of rain forest disturbance and fragmentation: comparative changes of the raptor community along natural and human-made gradients in french Guiana
650 14 - ASIENTO SECUNDARIO DE MATERIA - TERMINO TEMATICO
Término temático o nombre geográfico como elemento de entrada Degradación del hábitat
650 14 - ASIENTO SECUNDARIO DE MATERIA - TERMINO TEMATICO
Término temático o nombre geográfico como elemento de entrada Deforestación
650 14 - ASIENTO SECUNDARIO DE MATERIA - TERMINO TEMATICO
Término temático o nombre geográfico como elemento de entrada Aves
650 14 - ASIENTO SECUNDARIO DE MATERIA - TERMINO TEMATICO
Término temático o nombre geográfico como elemento de entrada Uso del hábitat
651 #4 - ASIENTO SECUNDARIO DE MATERIA - NOMBRE GEOGRAFICO
-- Guyana francesa
700 1# - ASIENTO SECUNDARIO - NOMBRE PERSONAL
Nombre personal Thiollay, Jean Marc
773 1# - Item fuente:
Título Journal of Biogeography
Especificación de materiales 248
Descripción física 23
Paginas del Articulo 7-25
Lugar, editorial y fecha de publicación 1996
942 ## - ELEMENTOS ADICIONALES (KOHA)
Tipo de ítem Artículo
Existencias
Withdrawn status Lost status Damaged status No para préstamo Colección Ubicación Permanente Ubicación actual Fecha de adquisición Fuente de Valor Datos de publicación Seriada Total Checkouts Número topográfico Inventario / Código de Barras Date last seen Ejemplar Price effective from Forma de adquisición Tipo de material
      No para Préstamo Hemeroteca Bogotá Bogotá 27/02/2015 Sánchez, Enrique Fuera de circulación   AR 02597 013012 25/03/2015 1 25/03/2015   Artículo